000
00323nam a2200121Ia 4500
008
220204s9999 xx 000 0 und d
082
_a
543
_b
KUW.1
245
0
_a
Physical methods in modern chemical analysis. V 1
260
_a
New York
_b
Academic
_c
1978
650
_a
spectrometry
700
_a
Kuwana, Theodore
942
_c
BK
999
_c
33348
_d
33348